000
00330nam a22001457a 4500
003
OSt
005
20160727222339.0
008
160618b xxu||||| |||| 00| 0 eng d
040
_c
TEST
100
_9
27
_a
Sage, A
245
_a
Playful Pets
_b
Playful Pets
260
_a
G.Briton Beaver
_c
1994
300
_a
Playful Pets
942
_2
ddc
_c
BK
999
_c
25
_d
25